| 000 | 04114nam a22004457a 4500 | ||
|---|---|---|---|
| 005 | 2012073107257.0 | ||
| 010 | _aB-454727-746 | ||
| 020 |
_a9788178242910 _c495.00 |
||
| 035 | _aB-454727-746 | ||
| 037 |
_adpl _bBlueberry pub/Ven |
||
| 082 | _a954 | ||
| 100 |
_aGuha, Ranjit _950840 |
||
| 245 |
_aThe small voice of History: _bcollected essays/ _cby Ranjit Guha; edited and with an introduction by Partha chatterjee |
||
| 260 |
_aRanikhet _bPermanent Black _c2010 |
||
| 270 |
_aHimalayana, Mall Road Ranikhet Cantt _bRanikhet |
||
| 300 |
_ax,666 p. _c22cm |
||
| 700 |
_aChatterjee, Partha _950627 |
||
| 942 |
_2ddc _cEN _mGUH _h954 |
||
| 999 |
_c68802 _d68802 |
||